[Event "Rochade Steele/Kray 1 - Bochumer SV 2"]
[Site "Verbandsklasse, Gruppe 2 2017"]
[Date "2018.04.29"]
[Round "9.3"]
[White "Hinkmann, Jens"]
[Black "Greger, Helmut"]
[Result "1-0"]
[WhiteElo "2029"]
[BlackElo "1915"]
[PlyCount "67"]
[EventDate "2018.??.??"]

1. e4 g6 2. d4 Bg7 3. Nc3 d6 4. Be3 c6 5. Qd2 b5 6. a3 Nd7 7. f4 Nb6 8. b3 a6
9. Nf3 Nf6 10. h3 Bb7 11. Bd3 O-O 12. O-O Rc8 13. f5 c5 14. dxc5 dxc5 15. e5
Nfd5 16. Nxd5 Nxd5 17. Bh6 c4 18. Bxg7 Qb6+ 19. Qf2 Qxf2+ 20. Rxf2 Kxg7 21. Be4
gxf5 22. Bxf5 e6 23. Be4 cxb3 24. cxb3 Rc3 25. b4 Rfc8 26. Ng5 R3c7 27. Raf1 h6
28. Rxf7+ Rxf7 29. Rxf7+ Kg8 30. Bh7+ Kh8 31. Nxe6 Bc6 32. Be4 Re8 33. Rh7+ Kg8
34. Rxh6 1-0

[Event "Rochade Steele/Kray 1 - Bochumer SV 2"]
[Site "Verbandsklasse, Gruppe 2 2017"]
[Date "2018.04.29"]
[Round "9.4"]
[White "Kirsch, Paul"]
[Black "Peters, Olaf"]
[Result "0-1"]
[WhiteElo "1929"]
[BlackElo "1904"]
[PlyCount "62"]
[EventDate "2018.??.??"]

1. d4 c5 2. d5 e5 3. e4 d6 4. Bd3 Be7 5. Nf3 Nf6 6. h3 c4 7. Bxc4 Nxe4 8. O-O
O-O 9. Nbd2 Nxd2 10. Bxd2 Nd7 11. Qc1 b6 12. Be3 Bb7 13. Bb3 Rc8 14. Qd2 f5 15.
Bg5 h6 16. Bxe7 Qxe7 17. Rfe1 Qf6 18. c3 Rf7 19. Rad1 g5 20. Nh2 h5 21. f3 Kg7
22. Ba4 Nf8 23. Qf2 Ng6 24. Re3 Nf4 25. Bb3 Rg8 26. Qe1 Kh8 27. Rd2 Rh7 28. g3
Nxh3+ 29. Kg2 g4 30. f4 e4 31. Rd4 h4 0-1

[Event "Rochade Steele/Kray 1 - Bochumer SV 2"]
[Site "Verbandsklasse, Gruppe 2 2017"]
[Date "2018.04.29"]
[Round "9.5"]
[White "Floeren, Philipp"]
[Black "Ophoven, Hermann"]
[Result "1/2-1/2"]
[WhiteElo "1884"]
[BlackElo "1718"]
[PlyCount "24"]
[EventDate "2018.??.??"]

1. e4 g6 2. f4 Bg7 3. Nf3 d6 4. d4 c5 5. Nc3 cxd4 6. Nxd4 Nc6 7. Be3 Nf6 8. Qd2
a6 9. O-O-O Bg4 10. Re1 Qa5 11. b3 Bd7 12. Kb1 Nxe4 1/2-1/2

[Event "Rochade Steele/Kray 1 - Bochumer SV 2"]
[Site "Verbandsklasse, Gruppe 2 2017"]
[Date "2018.04.29"]
[Round "9.6"]
[White "Schmitz, Juergen"]
[Black "Bautz, Volker"]
[Result "1/2-1/2"]
[WhiteElo "1864"]
[BlackElo "1834"]
[PlyCount "22"]
[EventDate "2018.??.??"]

1. b3 b6 2. Bb2 Bb7 3. e3 Nf6 4. Nf3 g6 5. Be2 Bg7 6. Nc3 c5 7. d3 d5 8. d4
Nbd7 9. O-O cxd4 10. exd4 O-O 11. Re1 Ne4 1/2-1/2

[Event "Rochade Steele/Kray 1 - Bochumer SV 2"]
[Site "Verbandsklasse, Gruppe 2 2017"]
[Date "2018.04.29"]
[Round "9.7"]
[White "Link, Fabian"]
[Black "Borger, Alexander"]
[Result "1/2-1/2"]
[WhiteElo "1704"]
[BlackElo "1886"]
[Annotator "Daniel"]
[PlyCount "75"]
[EventDate "2018.??.??"]

1. c4 Nf6 2. Nc3 e5 3. g3 Be7 4. Bg2 O-O 5. e4 d6 6. Nge2 Be6 7. d3 c6 8. O-O
Na6 9. h3 Nd7 10. b3 f5 11. d4 fxe4 12. d5 Bf7 13. dxc6 bxc6 14. Bxe4 Rc8 15.
Ba3 Qc7 $11 16. Qc2 Nf6 17. Bf5 Rcd8 18. Rad1 g6 19. Bd3 Qa5 20. Qc1 Nb4 21. f4
Nxd3 22. Rxd3 exf4 23. Rxf4 Ne8 24. Ne4 Be6 25. Kh2 Rxf4 26. Nxf4 Bf5 27. Re3
Bf8 28. Ng5 Ng7 29. b4 Qb6 30. g4 Bc8 31. Qc3 d5 32. cxd5 cxd5 33. Bb2 Qd6 34.
Qe5 Qxe5 35. Bxe5 h6 36. Nf3 g5 37. Nd3 Ne6 38. Nd4 1/2-1/2

[Event "Rochade Steele/Kray 1 - Bochumer SV 2"]
[Site "Verbandsklasse, Gruppe 2 2017"]
[Date "2018.04.29"]
[Round "9.8"]
[White "Peters, Guenter"]
[Black "Hartenberg, Yannick"]
[Result "0-1"]
[WhiteElo "1690"]
[BlackElo "1672"]
[PlyCount "84"]
[EventDate "2018.??.??"]

1. d4 d5 2. c4 e6 3. Nf3 Nf6 4. Bg5 Be7 5. Nc3 O-O 6. e3 b6 7. cxd5 exd5 8. Bd3
h6 9. Bh4 c5 10. O-O Nc6 11. Bb5 Na5 12. Ne5 Qd6 13. Bg3 Qe6 14. Be2 a6 15. f4
g6 16. Bf2 Nb7 17. h3 Nd6 18. Ng4 h5 19. Nxf6+ Bxf6 20. dxc5 Bxc3 21. bxc3 bxc5
22. Bf3 Ne4 23. Bxe4 Qxe4 24. Rc1 Rb8 25. Qc2 Qc4 26. Rfd1 Bf5 27. Qd2 Be4 28.
Bh4 Rb6 29. Qf2 Rfb8 30. Rd2 Rb1 31. Rdd1 R1b2 32. Rd2 Qxa2 33. Rcd1 Rxd2 34.
Rxd2 Qa1+ 35. Kh2 Qxc3 36. g4 Rb1 37. gxh5 Rh1+ 38. Kg3 gxh5 39. Rb2 Qg7+ 40.
Bg5 h4+ 41. Kg4 f5+ 42. Kh5 Qf7+ 0-1

[Event "SK Germania Kupferdreh 1 - SF Brackel 2"]
[Site "Verbandsklasse, Gruppe 2 2017"]
[Date "2018.04.29"]
[Round "9.1"]
[White "Bree, Thomas"]
[Black "Unteregge, Michael"]
[Result "1/2-1/2"]
[WhiteElo "2046"]
[BlackElo "2001"]
[PlyCount "41"]
[EventDate "2018.??.??"]

1. d4 Nf6 2. Bg5 Ne4 3. Bf4 d5 4. e3 c5 5. Bd3 Nf6 6. c3 Nc6 7. Nd2 Bg4 8. Ngf3
e6 9. h3 Bh5 10. Bb5 Qb6 11. Qa4 Nd7 12. O-O Be7 13. Rfe1 O-O 14. Bd3 Bg6 15.
Bxg6 hxg6 16. Rab1 Rac8 17. Qd1 cxd4 18. exd4 Na5 19. Qe2 Nc4 20. Nxc4 Rxc4 21.
Ne5 1/2-1/2

[Event "SK Germania Kupferdreh 1 - SF Brackel 2"]
[Site "Verbandsklasse, Gruppe 2 2017"]
[Date "2018.04.29"]
[Round "9.2"]
[White "Krimphoff, Ingo"]
[Black "Al Tarboush, Hussam"]
[Result "0-1"]
[WhiteElo "1930"]
[BlackElo "1997"]
[PlyCount "94"]
[EventDate "2018.??.??"]

1. Nf3 Nf6 2. d4 e6 3. e3 c5 4. Bd3 d5 5. b3 b6 6. O-O Nbd7 7. Nbd2 Bd6 8. Bb2
Qc7 9. e4 cxd4 10. exd5 Nxd5 11. Bxd4 Bb7 12. c4 N5f6 13. Rc1 O-O-O 14. Qe2 Nc5
15. Bxc5 Bxc5 16. Be4 Nxe4 17. Nxe4 Ba3 18. Rb1 Qf4 19. Nc3 Bd6 20. Qe3 Qxe3
21. fxe3 Bc5 22. Nd4 e5 23. Nf5 Rd2 24. Rf2 Rhd8 25. b4 Bf8 26. e4 Rxf2 27.
Kxf2 Rd2+ 28. Kf1 Rd3 29. Nd5 g6 30. Ng3 Kb8 31. Ke2 Rd4 32. Rf1 Rxc4 33. Rxf7
Bxb4 34. Rxh7 Bc5 35. Rh8+ Bc8 36. Rg8 Rc2+ 37. Kd3 Rxg2 38. Nf5 Kb7 39. Nfe7
Bd7 40. Nxg6 Bb5+ 41. Kc3 Bd4+ 42. Kb3 Rb2+ 43. Ka3 Rxh2 44. Rg7+ Kc6 45. Rc7+
Kd6 46. Rxa7 Bc4 47. Kb4 Rb2+ 0-1

[Event "SK Germania Kupferdreh 1 - SF Brackel 2"]
[Site "Verbandsklasse, Gruppe 2 2017"]
[Date "2018.04.29"]
[Round "9.3"]
[White "Borchert, Louis"]
[Black "Zagrabski, Kevin"]
[Result "1-0"]
[WhiteElo "1964"]
[BlackElo "1880"]
[Annotator "Daniel"]
[PlyCount "83"]
[EventDate "2018.??.??"]

1. e4 g6 2. d4 Bg7 3. Nc3 d6 4. Be3 Nc6 5. Nge2 e5 6. Qd2 f5 7. f3 Bh6 8. O-O-O
Bxe3 9. Qxe3 Nf6 10. dxe5 Nxe5 11. exf5 Bxf5 12. g4 Bxg4 13. fxg4 Nfxg4 14. Qg3
O-O $11 15. Nf4 Qg5 16. Nce2 Rxf4 17. Qxf4 Qxf4+ 18. Nxf4 Nf2 19. Bg2 Nxh1 20.
Bxh1 Rb8 21. Ne6 c6 22. Rxd6 Re8 23. Ng5 Nc4 24. Re6 Rf8 25. Re1 Rf2 26. h3 Rh2
27. Be4 h6 28. Ne6 Kf7 29. Nd8+ Kf6 30. Nxb7 Rxh3 31. Bxc6 h5 32. Nc5 h4 33. b3
Ne3 34. Kd2 Nf5 35. Bd7 Rf3 36. Ne4+ Kg7 37. Bxf5 Rxf5 38. Rg1 Kh6 39. c4 g5
40. c5 Kh5 41. c6 Rd5+ 42. Ke3 1-0

[Event "SK Germania Kupferdreh 1 - SF Brackel 2"]
[Site "Verbandsklasse, Gruppe 2 2017"]
[Date "2018.04.29"]
[Round "9.4"]
[White "Wuthcke, Dieter"]
[Black "Althoff, Ralph"]
[Result "1/2-1/2"]
[WhiteElo "1800"]
[BlackElo "2062"]
[PlyCount "30"]
[EventDate "2018.??.??"]

1. d4 d5 2. c4 e6 3. Nf3 Nf6 4. e3 Nbd7 5. a3 Be7 6. Nbd2 O-O 7. b4 a6 8. Bb2
Re8 9. Bd3 dxc4 10. Nxc4 Nd5 11. O-O N7b6 12. Nfe5 g6 13. Qf3 Rf8 14. Qg4 Qe8
15. e4 Nxc4 1/2-1/2

[Event "SK Germania Kupferdreh 1 - SF Brackel 2"]
[Site "Verbandsklasse, Gruppe 2 2017"]
[Date "2018.04.29"]
[Round "9.5"]
[White "Schwiddessen, Jan"]
[Black "Degner, Friedhelm"]
[Result "1/2-1/2"]
[WhiteElo "1893"]
[BlackElo "1805"]
[PlyCount "56"]
[EventDate "2018.??.??"]

1. e4 d5 2. exd5 Nf6 3. d4 Bg4 4. f3 Bf5 5. c4 c6 6. dxc6 Nxc6 7. d5 Ne5 8. Qd4
Ng6 9. Nc3 e6 10. g4 e5 11. Qf2 Bd7 12. Be3 Qc7 13. O-O-O Bb4 14. Qc2 Rc8 15.
a3 Bd6 16. g5 Nh5 17. Ne4 b6 18. Bd2 Nhf4 19. Nxd6+ Qxd6 20. Bb4 Qc7 21. a4 h6
22. gxh6 Rxh6 23. Ne2 Qxc4 24. Qxc4 Rxc4+ 25. Bc3 Bxa4 26. Nxf4 Rxf4 27. Re1 f6
28. Bd2 Bb3 1/2-1/2

[Event "SK Germania Kupferdreh 1 - SF Brackel 2"]
[Site "Verbandsklasse, Gruppe 2 2017"]
[Date "2018.04.29"]
[Round "9.6"]
[White "Tiefenhoff, Christian"]
[Black "Bense, Dirk"]
[Result "1/2-1/2"]
[WhiteElo "1971"]
[BlackElo "1916"]
[PlyCount "25"]
[EventDate "2018.??.??"]

1. Nf3 Nf6 2. d4 d6 3. c3 g6 4. Bg5 Bg7 5. Nbd2 O-O 6. e3 Nbd7 7. Bc4 c6 8. O-O
Qc7 9. Bh4 b5 10. Bd3 a6 11. h3 Re8 12. Bc2 Bb7 13. a3 1/2-1/2

[Event "SK Germania Kupferdreh 1 - SF Brackel 2"]
[Site "Verbandsklasse, Gruppe 2 2017"]
[Date "2018.04.29"]
[Round "9.8"]
[White "Nowacki, Peter"]
[Black "Strathoff, Dirk"]
[Result "0-1"]
[WhiteElo "1391"]
[BlackElo "1870"]
[PlyCount "70"]
[EventDate "2018.??.??"]

1. e4 c5 2. d4 cxd4 3. c3 dxc3 4. Nxc3 e6 5. Nf3 Bb4 6. Bd2 Ne7 7. Bd3 O-O 8.
Qe2 Nbc6 9. a3 Ba5 10. Rc1 f5 11. b4 Bb6 12. Be3 Bxe3 13. fxe3 d5 14. exd5 Nxd5
15. O-O Nxc3 16. Rxc3 Qf6 17. Rc4 e5 18. Bb1 Be6 19. Rc5 e4 20. Nd4 Nxd4 21.
exd4 Qxd4+ 22. Kh1 Rad8 23. Ba2 Qd6 24. Rcc1 Bxa2 25. Qxa2+ Qd5 26. Qb1 Qe6 27.
Rc7 Rd7 28. Rfc1 Rfd8 29. Qa1 Qd5 30. Rc8 Rxc8 31. Rxc8+ Kf7 32. Rc1 e3 33. Re1
f4 34. Rf1 e2 35. Rxf4+ Kg8 0-1

[Event "SF Kirchhellen 1 - SV Günnigfeld 1"]
[Site "Verbandsklasse, Gruppe 2 2017"]
[Date "2018.04.29"]
[Round "9.1"]
[White "Freisen, Thomas"]
[Black "Sinnwell, Horst"]
[Result "1/2-1/2"]
[WhiteElo "1985"]
[BlackElo "2036"]
[PlyCount "30"]
[EventDate "2018.??.??"]

1. d4 e6 2. e4 d5 3. Nd2 dxe4 4. Nxe4 Nd7 5. Nf3 Ngf6 6. Bd3 Nxe4 7. Bxe4 Nf6
8. Bd3 c5 9. O-O cxd4 10. Nxd4 Bc5 11. c3 Qd5 12. Be2 a6 13. Bf3 Qd8 14. Nb3
Bd6 15. Bg5 Be7 1/2-1/2

[Event "SF Kirchhellen 1 - SV Günnigfeld 1"]
[Site "Verbandsklasse, Gruppe 2 2017"]
[Date "2018.04.29"]
[Round "9.2"]
[White "Hoffterheide, Thomas"]
[Black "Radi, Guenter"]
[Result "1-0"]
[WhiteElo "1954"]
[BlackElo "1866"]
[PlyCount "67"]
[EventDate "2018.??.??"]

1. e4 c5 2. Nf3 Nc6 3. d4 cxd4 4. Nxd4 e5 5. Nb3 Nf6 6. Nc3 Be7 7. Bd3 O-O 8.
Bd2 d6 9. a3 a6 10. Qe2 Be6 11. Nd5 Nxd5 12. exd5 Bxd5 13. Bxh7+ Kxh7 14. Qd3+
Be4 15. Qxe4+ f5 16. Qd5 Qc7 17. O-O-O Rac8 18. Bc3 b5 19. Rd3 Rf6 20. Rh3+ Rh6
21. Rxh6+ Kxh6 22. Rd1 b4 23. Qe6+ g6 24. axb4 Nxb4 25. Kb1 a5 26. f4 a4 27.
Na1 Nc6 28. fxe5 dxe5 29. Rd7 Qb8 30. Bd2+ Kg7 31. Bg5 Rc7 32. Qf6+ Kg8 33.
Qxg6+ Kh8 34. Bf6+ 1-0

[Event "SF Kirchhellen 1 - SV Günnigfeld 1"]
[Site "Verbandsklasse, Gruppe 2 2017"]
[Date "2018.04.29"]
[Round "9.3"]
[White "Funke, Eckhard"]
[Black "Borgs, Martin"]
[Result "1/2-1/2"]
[WhiteElo "1833"]
[BlackElo "1969"]
[PlyCount "35"]
[EventDate "2018.??.??"]

1. d4 Nf6 2. c4 e6 3. Nc3 d5 4. Bg5 Nbd7 5. cxd5 exd5 6. e3 c6 7. Qc2 Be7 8.
Bd3 O-O 9. Nf3 Re8 10. O-O h6 11. Bh4 Nh5 12. Bxe7 Qxe7 13. Bf5 Nhf6 14. Rab1
Nb6 15. Bxc8 Raxc8 16. Nd2 Qd6 17. h3 Re7 18. Na4 1/2-1/2

[Event "SF Kirchhellen 1 - SV Günnigfeld 1"]
[Site "Verbandsklasse, Gruppe 2 2017"]
[Date "2018.04.29"]
[Round "9.4"]
[White "Schlueter, Christoph"]
[Black "Brinkmann, Uwe"]
[Result "1/2-1/2"]
[WhiteElo "1963"]
[BlackElo "1931"]
[PlyCount "24"]
[EventDate "2018.??.??"]

1. d4 Nf6 2. c4 e6 3. g3 d5 4. Bg2 c6 5. Nf3 Bd6 6. Qc2 Nbd7 7. O-O O-O 8. Rd1
Qe7 9. Nbd2 Re8 10. e4 dxe4 11. Nxe4 Nxe4 12. Qxe4 Nf6 1/2-1/2

[Event "SF Kirchhellen 1 - SV Günnigfeld 1"]
[Site "Verbandsklasse, Gruppe 2 2017"]
[Date "2018.04.29"]
[Round "9.5"]
[White "Brandhoff, Gerd"]
[Black "Schueppel, Werner"]
[Result "0-1"]
[WhiteElo "1778"]
[BlackElo "1960"]
[PlyCount "60"]
[EventDate "2018.??.??"]

1. e4 g6 2. d4 Bg7 3. c3 d6 4. Bd3 Nd7 5. Ne2 e5 6. d5 Ne7 7. Ng3 O-O 8. O-O f5
9. exf5 Nxf5 10. Nxf5 gxf5 11. f4 e4 12. Be2 Nf6 13. Be3 c5 14. Na3 Kh8 15. Rb1
Ng4 16. Bxg4 fxg4 17. g3 b6 18. Nc2 Qe8 19. c4 b5 20. cxb5 Qxb5 21. Na3 Qb4 22.
Nc2 Qa4 23. Na3 Qxd1 24. Rfxd1 Ba6 25. b4 Bd3 26. Rxd3 exd3 27. bxc5 Rfe8 28.
Nc4 dxc5 29. Rd1 Re4 30. Rc1 Rxe3 0-1

[Event "SF Kirchhellen 1 - SV Günnigfeld 1"]
[Site "Verbandsklasse, Gruppe 2 2017"]
[Date "2018.04.29"]
[Round "9.7"]
[White "Schulz, Eberhard"]
[Black "Gajda, Peter"]
[Result "1/2-1/2"]
[WhiteElo "1539"]
[BlackElo "1824"]
[Annotator "Daniel"]
[PlyCount "34"]
[EventDate "2018.??.??"]

1. e4 g6 2. Nf3 Bg7 3. c3 d6 4. d4 c6 5. Bd3 Nf6 6. h3 O-O 7. O-O Re8 8. Be3 e5
9. Nbd2 Nbd7 10. Nc4 Qc7 11. Qc2 $11 d5 12. Ncd2 dxe4 13. Nxe4 Nxe4 14. Bxe4
Nf6 15. dxe5 Nxe4 16. Qxe4 Bxe5 17. Nxe5 Qxe5 1/2-1/2

[Event "SF Kirchhellen 1 - SV Günnigfeld 1"]
[Site "Verbandsklasse, Gruppe 2 2017"]
[Date "2018.04.29"]
[Round "9.8"]
[White "Langer, Raimund"]
[Black "Kuemmel, Hans-Juergen"]
[Result "1/2-1/2"]
[WhiteElo "1777"]
[BlackElo "1325"]
[PlyCount "22"]
[EventDate "2018.??.??"]

1. e4 e5 2. Nf3 Nc6 3. Bc4 Nf6 4. d4 exd4 5. O-O d5 6. exd5 Nxd5 7. Re1+ Be7 8.
Nxd4 O-O 9. Nxc6 bxc6 10. Qf3 Bf6 11. Rd1 Be6 1/2-1/2

[Event "SK Sodingen/Castrop 3 - SG Höntrop 1"]
[Site "Verbandsklasse, Gruppe 2 2017"]
[Date "2018.04.29"]
[Round "9.1"]
[White "Oberbarnscheidt, Ludger"]
[Black "Zobiegala, Christoph"]
[Result "1/2-1/2"]
[WhiteElo "2002"]
[BlackElo "1920"]
[PlyCount "20"]
[EventDate "2018.??.??"]

1. c4 c5 2. Nf3 Nc6 3. d4 cxd4 4. Nxd4 Nf6 5. Nc3 g6 6. e4 d6 7. Be2 Bg7 8. Be3
O-O 9. O-O Nxd4 10. Bxd4 Nd7 1/2-1/2

[Event "SK Sodingen/Castrop 3 - SG Höntrop 1"]
[Site "Verbandsklasse, Gruppe 2 2017"]
[Date "2018.04.29"]
[Round "9.3"]
[White "Drzasga, Michael"]
[Black "Balke, Reiner"]
[Result "1/2-1/2"]
[WhiteElo "2001"]
[BlackElo "1883"]
[Annotator "Daniel"]
[PlyCount "81"]
[EventDate "2018.??.??"]

1. d4 d5 2. c4 e6 3. Nc3 Nf6 4. Bf4 Bd6 5. Bg3 Bxg3 6. hxg3 Nc6 7. e3 O-O 8.
Nf3 Re8 9. Ne5 g6 10. Qf3 Nxe5 11. dxe5 Nd7 12. O-O-O c6 13. Qf4 Qe7 14. Bd3 f6
15. cxd5 exd5 16. exf6 Qxf6 $11 17. Qh6 Qg7 18. Qh4 Ne5 19. Be2 Be6 20. f4 Nd7
21. Bf3 Nc5 22. g4 Rf8 23. Qg5 Qf6 24. Qxf6 Rxf6 25. Rh6 Kg7 26. Rdh1 Bg8 27.
g5 Rff8 28. Kd2 Rae8 29. g4 Re7 30. R6h3 Rd8 31. f5 gxf5 32. gxf5 Ne4+ 33. Bxe4
dxe4+ 34. Kc2 Re5 35. Rf1 Rf8 36. f6+ Kg6 37. Rg3 Rxg5 38. Rxg5+ Kxg5 39. Nxe4+
Kg6 40. Rg1+ Kf5 41. Nd6+ 1/2-1/2

[Event "SK Sodingen/Castrop 3 - SG Höntrop 1"]
[Site "Verbandsklasse, Gruppe 2 2017"]
[Date "2018.04.29"]
[Round "9.4"]
[White "Zygan, Michael"]
[Black "Jedner, Volker"]
[Result "0-1"]
[WhiteElo "1777"]
[BlackElo "1823"]
[PlyCount "50"]
[EventDate "2018.??.??"]

1. d4 d5 2. c4 e6 3. Nc3 c6 4. e4 dxe4 5. Nxe4 Bb4+ 6. Bd2 Bxd2+ 7. Qxd2 Nf6 8.
Nxf6+ Qxf6 9. Nf3 O-O 10. O-O-O Nd7 11. Bd3 b6 12. Rhe1 h6 13. Be4 Bb7 14. Ne5
Qe7 15. Nxc6 Bxc6 16. Bxc6 Rac8 17. d5 Nb8 18. Kb1 Nxc6 19. dxc6 Rxc6 20. b3
Rfc8 21. Re3 Qg5 22. Rg3 Qf5+ 23. Kb2 b5 24. Qxh6 Qe5+ 25. Kb1 Qxg3 0-1

[Event "SK Sodingen/Castrop 3 - SG Höntrop 1"]
[Site "Verbandsklasse, Gruppe 2 2017"]
[Date "2018.04.29"]
[Round "9.5"]
[White "Koch, Burkhard"]
[Black "Scheibe, Werner"]
[Result "1/2-1/2"]
[WhiteElo "1720"]
[BlackElo "1815"]
[PlyCount "35"]
[EventDate "2018.??.??"]

1. e4 e6 2. d4 d5 3. Nc3 Bb4 4. e5 c5 5. a3 Bxc3+ 6. bxc3 Qa5 7. Bd2 Qa4 8. Qb1
a6 9. Nf3 Nd7 10. Be2 Ne7 11. O-O O-O 12. Ng5 cxd4 13. cxd4 Qxd4 14. c3 Qh4 15.
g3 Qh6 16. Nf3 Qh5 17. Ng5 Qh6 18. Nf3 1/2-1/2

[Event "SK Sodingen/Castrop 3 - SG Höntrop 1"]
[Site "Verbandsklasse, Gruppe 2 2017"]
[Date "2018.04.29"]
[Round "9.6"]
[White "Kowalczyk, Frank"]
[Black "Barth, Hans-Joachim"]
[Result "1/2-1/2"]
[WhiteElo "1748"]
[BlackElo "1699"]
[Annotator "Daniel"]
[PlyCount "122"]
[EventDate "2018.??.??"]

1. e4 c5 2. Nf3 d6 3. d4 cxd4 4. Nxd4 Nf6 5. Nc3 g6 6. Be3 Bg7 7. f3 Nc6 8. Qd2
O-O 9. O-O-O Nxd4 10. Bxd4 Be6 11. Nd5 Bxd5 12. exd5 Qc7 13. Kb1 Rfc8 14. c4 a6
15. Rc1 Qd7 16. g4 b5 17. h4 bxc4 18. Bxc4 Qb7 19. Bxf6 Bxf6 20. g5 Bg7 21. b3
a5 22. Kc2 a4 23. Kd1 axb3 24. axb3 Ra3 25. Rf1 Rca8 26. Rc2 Qd7 27. Qf4 Ra1+
28. Ke2 Rxf1 29. Kxf1 Qh3+ 30. Kf2 Be5 31. Qe4 Qg3+ 32. Ke3 Ra1 33. Be2 Rh1 34.
Rc4 $11 Qg1+ 35. Kd2 Qe1+ 36. Ke3 Rh2 37. Qc2 Rxh4 38. Rxh4 Qxh4 39. Qc8+ Kg7
40. Qg4 Qe1 41. f4 Qc3+ 42. Kf2 Bd4+ 43. Kg2 Qe3 44. Qf3 Qg1+ 45. Kh3 Qb1 46.
Kg2 h5 47. gxh6+ Kxh6 48. Qh3+ Kg7 49. Qf3 Qg1+ 50. Kh3 f5 51. Qf1 Qe3+ 52. Qf3
Kf6 53. Qxe3 Bxe3 54. Kg3 e5 55. dxe6 Kxe6 56. Kf3 Bd2 57. Bb5 d5 58. Be8 Kf6
59. Bc6 d4 60. Bb5 g5 61. fxg5+ Kxg5 1/2-1/2

[Event "SK Sodingen/Castrop 3 - SG Höntrop 1"]
[Site "Verbandsklasse, Gruppe 2 2017"]
[Date "2018.04.29"]
[Round "9.7"]
[White "Hoffmann, Klaus"]
[Black "Tenschert, Hartmut"]
[Result "1/2-1/2"]
[WhiteElo "1605"]
[BlackElo "1742"]
[PlyCount "31"]
[EventDate "2018.??.??"]

1. e4 c5 2. Nf3 Nc6 3. d4 cxd4 4. Nxd4 Nf6 5. Nxc6 bxc6 6. Bd3 e5 7. O-O Be7 8.
b3 O-O 9. Nd2 d5 10. f4 Qb6+ 11. Kh1 Qd4 12. Rb1 Bg4 13. Qe1 Bb4 14. fxe5 Qxe5
15. Qh4 Qh5 16. Qxh5 1/2-1/2

[Event "SK Sodingen/Castrop 3 - SG Höntrop 1"]
[Site "Verbandsklasse, Gruppe 2 2017"]
[Date "2018.04.29"]
[Round "9.8"]
[White "Demtroeder, Joerg"]
[Black "Tolksdorf, Juergen"]
[Result "1-0"]
[WhiteElo "1738"]
[BlackElo "1599"]
[PlyCount "55"]
[EventDate "2018.??.??"]

1. d4 d5 2. Bf4 Nf6 3. c3 e6 4. e3 a6 5. Bd3 c5 6. Nf3 c4 7. Bc2 Nc6 8. Nbd2
Be7 9. Ne5 Bd7 10. Ndf3 h6 11. Nxc6 Bxc6 12. Ne5 Nd7 13. Nxd7 Qxd7 14. Qg4 Bf6
15. O-O g5 16. Be5 Bxe5 17. dxe5 Qe7 18. Qd4 O-O-O 19. b4 h5 20. a4 Qc7 21.
Rfb1 b5 22. axb5 Bxb5 23. Ba4 Qb7 24. Bxb5 Qxb5 25. Ra5 Qb7 26. Rba1 Kc7 27.
Rxa6 Ra8 28. Qc5+ 1-0

[Event "SC Lünen Horstmar 1 - SF Brackel 3"]
[Site "Verbandsklasse, Gruppe 3 2017"]
[Date "2018.04.29"]
[Round "9.1"]
[White "Gerlach, Felix"]
[Black "Bauch, Olaf"]
[Result "0-1"]
[WhiteElo "1963"]
[BlackElo "1910"]
[PlyCount "80"]
[EventDate "2018.??.??"]

1. e4 c5 2. Nf3 e6 3. d4 cxd4 4. Nxd4 a6 5. Bd3 Nf6 6. O-O Qc7 7. Qe2 d6 8. Kh1
Be7 9. f4 Nbd7 10. c4 O-O 11. Nc3 b6 12. Bd2 Bb7 13. Rae1 Rfd8 14. f5 e5 15.
Nc2 Nc5 16. Nb4 Nxd3 17. Qxd3 Rac8 18. b3 Qc5 19. a4 Rd7 20. Nbd5 Nxd5 21. exd5
Qd4 22. Qc2 b5 23. axb5 axb5 24. Nxb5 Qxd5 25. Bc3 Qc5 26. Qe2 Bc6 27. f6 Bxf6
28. Nd4 Be7 29. Nf5 Bf8 30. Qg4 Kh8 31. b4 Qa7 32. Nh6 gxh6 33. Rxe5 f6 34. Ra5
Qc7 35. Bxf6+ Bg7 36. Ra7 Bb7 37. Qe6 Bxf6 38. Qxf6+ Rg7 39. Rf3 Qe7 40. Qc3
Qe5 0-1

[Event "SC Lünen Horstmar 1 - SF Brackel 3"]
[Site "Verbandsklasse, Gruppe 3 2017"]
[Date "2018.04.29"]
[Round "9.2"]
[White "Seref, Serkan"]
[Black "Garbuz, Vitaliy"]
[Result "0-1"]
[WhiteElo "1810"]
[BlackElo "2039"]
[Annotator "Daniel"]
[PlyCount "82"]
[EventDate "2018.??.??"]

1. e4 e5 2. Nf3 Nc6 3. Bc4 Nf6 4. d3 Qe7 5. Nc3 Na5 6. Bb3 Nxb3 7. axb3 d6 8.
h3 g6 9. Qe2 Bg7 10. O-O O-O 11. Re1 c5 12. Bg5 Be6 13. Qe3 Qd7 14. Bxf6 Bxf6
15. Nd5 Bxd5 16. exd5 Bg7 17. b4 cxb4 18. Rxa7 Rxa7 19. Qxa7 Qb5 20. Qa2 Rc8
21. Qb3 Qc5 22. Re2 $11 h6 23. g4 b6 24. Ne1 f5 25. Ng2 Qd4 26. gxf5 gxf5 27.
Re3 Ra8 28. Re1 Bf6 29. Qc4 Qxc4 30. dxc4 Ra2 31. Rb1 f4 32. Ne1 e4 33. Ng2
Bxb2 34. Nxf4 Bc3 35. Ne2 Rxc2 36. Nxc3 bxc3 37. Rb3 Rc1+ 38. Kg2 c2 39. Rc3
Kf7 40. h4 Kf6 41. h5 Ke5 0-1

[Event "SC Lünen Horstmar 1 - SF Brackel 3"]
[Site "Verbandsklasse, Gruppe 3 2017"]
[Date "2018.04.29"]
[Round "9.3"]
[White "Elier, Ali"]
[Black "Titschert, Julian"]
[Result "1-0"]
[WhiteElo "1985"]
[BlackElo "1860"]
[PlyCount "103"]
[EventDate "2018.??.??"]

1. d4 d6 2. e4 Nf6 3. Nc3 e5 4. dxe5 dxe5 5. Qxd8+ Kxd8 6. Bg5 Bd6 7. O-O-O
Nbd7 8. Bc4 Ke8 9. Nf3 h6 10. Bh4 a6 11. Rhe1 g5 12. Bg3 Nh5 13. Nd5 b5 14. Bb3
f6 15. c3 Nc5 16. Bc2 Rb8 17. Ng1 Be6 18. Ne2 Kf7 19. f3 a5 20. Bf2 Nd7 21. Bb3
a4 22. Nxc7 axb3 23. Rxd6 bxa2 24. Kc2 Nf8 25. b3 Bc8 26. Ra1 Ne6 27. Nxe6 Bxe6
28. Rxa2 Ra8 29. Raa6 Rxa6 30. Rxa6 Rd8 31. Rb6 Bd7 32. Rb7 Ke8 33. Rb6 Kf7 34.
Rd6 Ng7 35. Bb6 Ke7 36. Bxd8+ Kxd6 37. Bxf6 Ne6 38. Nc1 Nf4 39. g3 Ng6 40. Nd3
Be6 41. g4 Bf7 42. Bg7 Nh4 43. Nxe5 Bg8 44. Kb2 Be6 45. Ka3 Bg8 46. Kb4 Be6 47.
c4 bxc4 48. bxc4 Nxf3 49. Nxf3 Bxg4 50. Nd4 h5 51. e5+ Kd7 52. Bf6 1-0

[Event "SC Lünen Horstmar 1 - SF Brackel 3"]
[Site "Verbandsklasse, Gruppe 3 2017"]
[Date "2018.04.29"]
[Round "9.4"]
[White "Seref, Okan"]
[Black "Wastian, Jan"]
[Result "0-1"]
[WhiteElo "1708"]
[BlackElo "1973"]
[Annotator "Daniel"]
[PlyCount "64"]
[EventDate "2018.??.??"]

1. Nf3 d5 2. d4 Nf6 3. g3 Bf5 4. Bg2 e6 5. O-O Bd6 6. c4 c6 7. Nc3 O-O 8. Nh4
Bg4 9. Qb3 Qc7 10. f3 Bh5 11. Bh1 Nbd7 12. cxd5 Nxd5 13. Nxd5 cxd5 14. Bd2 Nb6
15. Ba5 Qc4 16. Bxb6 Qxb3 17. axb3 axb6 18. g4 Bg6 19. Nxg6 hxg6 20. h3 Rfc8
21. Rxa8 Rxa8 22. e3 $11 Rc8 23. Rf2 Bg3 24. Re2 Rc1+ 25. Kg2 Bd6 26. f4 Kf8
27. Rf2 Re1 28. Rf3 Re2+ 29. Kg3 Rxb2 30. h4 Rxb3 31. e4 Rb1 32. e5 Bb4 0-1

[Event "SC Lünen Horstmar 1 - SF Brackel 3"]
[Site "Verbandsklasse, Gruppe 3 2017"]
[Date "2018.04.29"]
[Round "9.6"]
[White "Akcapinar, Yavuz"]
[Black "Schaede, Maximilian"]
[Result "1-0"]
[WhiteElo "1773"]
[BlackElo "1820"]
[PlyCount "99"]
[EventDate "2018.??.??"]

1. e4 c5 2. Nc3 d6 3. f4 Nc6 4. Nf3 g6 5. Bb5 Bg7 6. Bxc6+ bxc6 7. O-O e6 8. d3
Ne7 9. Kh1 O-O 10. Na4 Qd7 11. c4 Rd8 12. Bd2 Qc7 13. Qe1 a5 14. Rb1 Qa7 15.
Bc3 d5 16. Bxg7 Kxg7 17. Qc3+ d4 18. Qa3 Qb8 19. Qxc5 Qb4 20. b3 Rb8 21. a3
Qxc5 22. Nxc5 Ng8 23. Rb2 Nf6 24. Ne5 Rd6 25. Rfb1 h5 26. h3 h4 27. Na4 Nh5 28.
c5 Rd7 29. Nxd7 Bxd7 30. Rf2 Bc8 31. Nb6 Ba6 32. Rd1 Rb7 33. Kg1 f5 34. e5 Kf8
35. Kf1 Kg7 36. Ke2 Rb8 37. Rb1 Rd8 38. b4 Ng3+ 39. Kd2 axb4 40. axb4 Ne4+ 41.
dxe4 fxe4 42. Ke1 e3 43. Ra2 Bb5 44. Ra7+ Kh6 45. Rd7 Rxd7 46. Nxd7 d3 47. Nf6
d2+ 48. Kd1 Ba4+ 49. Ke2 Bb5+ 50. Kxe3 1-0